Patrologia Syriaca, complectens opera omnia SS. Patrum, doctorum scriptorumque Catholicorum quibus accedunt aliorum acatholicorum auctorum scripta quae ad res ecclesiasticas pertinent quotquot Syriace supersunt secundum codices Praesertim Londinenses, Parisienses, Vaticanos
I tiakina i:
| Kaituhi matua: | |
|---|---|
| Hōputu: | Pukapuka |
| Reo: | Rātini Syriac, Modern |
| I whakaputaina: |
París
Firmin-Didot
1894
|
| Ngā marau: | |
| Urunga tuihono: | portada patrología siriaca |
| Ngā Tūtohu: |
Tāpirihia he Tūtohu
Kāore He Tūtohu, Me noho koe te mea tuatahi ki te tūtohu i tēnei pūkete!
|
MARC
| LEADER | 00000cam a2200000 a 4500 | ||
|---|---|---|---|
| 001 | UCG8111 | ||
| 003 | CL-VaPUC | ||
| 008 | 111124e18940000FR |||||||||||||||||lat|d | ||
| 041 | 0 | 7 | |a lat |2 CL-VaPUC |
| 041 | 0 | 7 | |a syr |2 CL-VaPUC |
| 082 | 0 | 4 | |a 270 |b GRA |2 21 |
| 100 | 0 | |a Graffin, René Léger Marie |e author |9 558991 | |
| 245 | 1 | 0 | |a Patrologia Syriaca, complectens opera omnia SS. Patrum, doctorum scriptorumque Catholicorum quibus accedunt aliorum acatholicorum auctorum scripta quae ad res ecclesiasticas pertinent quotquot Syriace supersunt secundum codices Praesertim Londinenses, Parisienses, Vaticanos |
| 300 | |a 3 t | ||
| 942 | |c BK | ||
| 945 | |d 20111124 00:00:00 |a cmena | ||
| 260 | |a París |b Firmin-Didot |c 1894 | ||
| 500 | |a Pars 1. Ab initiis usque ad annum 350. t. 1. Aphraatis demonstrationes I-XXII. t. 2. Aphraatis demonstratio XXIII. Bardesanes. S. Simeon Bar Sabbace. Testamentum patris nostri Adam. Appendix | ||
| 650 | 7 | |a PATROLOGIA SIRIACA |2 CL-VaPUC |9 558992 | |
| 650 | 0 | |a Padres de la Iglesia |9 313352 | |
| 856 | 7 | |f UCG8111_01.jpg |u http://opac.pucv.cl/pucv_img/Img-8000/UCG8111_01.jpg |q JEPG |2 file |z portada patrología siriaca | |
| 583 | |a last modification |c 20161018 12:30:28 |k Rodrigo Vera | ||
| 999 | |c 345748 |d 345746 | ||
| 952 | |0 0 |1 0 |4 0 |6 270_000000000000000_GRA_1894 |7 0 |8 X |9 445959 |a BIBTEO |b BIBTEO |c TEO_FFR |d 2019-11-22 |h t.1 p.1 |i 4820886 |o 270 GRA 1894 |p 4820886 |r 2024-01-18 |w 2019-11-22 |y BK_X |k OFM | ||
| 952 | |0 0 |1 0 |4 0 |6 270_000000000000000_GRA_1894 |7 0 |8 X |9 445960 |a BIBTEO |b BIBTEO |c TEO_FFR |d 2019-11-22 |h t.2 p.1 |i 4820894 |o 270 GRA 1894 |p 4820894 |r 2024-01-18 |w 2019-11-22 |y BK_X |k OFM | ||